| 000 | 00830cab a22002055a 4500 | ||
|---|---|---|---|
| 001 | L142737 | ||
| 008 | 080305e20080301xxk f 000 0 eng d | ||
| 035 | _a(Sirsi) u142737 | ||
| 041 | 0 | _aeng | |
| 100 | 1 | _aField, Duncan | |
| 245 | 0 | 0 | _aNew system has potential |
| 260 | _c2008 | ||
| 490 | 0 |
_aEstates Gazette _v(0808) 1 March 2008, 148-149(2) |
|
| 520 | _aDiscusses the proposal to establish a single body to oversee nationally significant infrastructure projects. Identifies key features of the the Infrastructure Planning Commission. Considers whether or not it will work. Stresses the importance of consultation and briefly discusses the limitations of the proposal. | ||
| 590 | _aKA | ||
| 650 | 2 | 4 | _aPLANNING BILL 2007-08 |
| 651 | 4 |
_aEngland and Wales _y1543- |
|
| 690 |
_aPlanning and development _96259 |
||
| 942 | _n0 | ||
| 999 |
_c79929 _d79929 |
||